Rijksmuseum Amsterdam : (Registro nro. 12255)

Detalles MARC
000 -LEADER
longitud fija campo de control 01611nam a22005177a 4500
003 - IDENTIFICADOR DE NUMERO DE CONTROL
control del campo AR-RoUNA
005 - FECHA DE LA ULTIMA MODIFICACION
control del campo 20251117180003.0
040 ## - ORIGEN DE LA CATALOGACION
Agencia que cataloga la obra original AR-RoUNA
Idioma en que se cataloga spa
Entidad que modifico el registro AR-RoUNA
041 ## - CODIGO DE IDIOMA
Codigo de idioma del texto / sonido o titulo separado spa
Codigo de idioma de la traduccion original y / o intermedios de texto spa
044 ## - CODIGO DE PAIS / ENTIDAD PRODUCTORA
Codigo MARC del pais ag
100 1# - ASIENTO PRINCIPAL - NOMBRE PERSONAL
Nombre personal Dominicus-van Soest, Marleen
9 (RLIN) 27577
245 10 - TITULO PROPIAMENTE DICHO
Titulo Rijksmuseum Amsterdam :
Subtitulo las obras maestras. guia /
Mencion de responsabilidad, etc Marleen Dominicus-van Soest ; colaboracion de Ineke Jungschleger
260 ## - EDITORIAL - PUBLICACION, DISTRIBUCION, ETC. (Pie de imprenta)
Lugar de publicacion, distribucion, etc Amsterdam :
Nombre del editor, distribuidor, etc Rijksmuseum,
Fecha de publicacion 2003
300 ## - DESCRIPCION FISICA
Extension 144 p.:
Otros detalles fisicos fot. col.,
Dimensiones 24x17 cm
505 0# - NOTA DE CONTENIDO CON FORMATO
Título INDICE
505 0# - NOTA DE CONTENIDO CON FORMATO
Título PREFACIO /p.5
505 0# - NOTA DE CONTENIDO CON FORMATO
Título INTRODUCCION /p.6
505 0# - NOTA DE CONTENIDO CON FORMATO
Título REPUBLICA Y PODER MUNDIAL /p.8
505 0# - NOTA DE CONTENIDO CON FORMATO
Título principal Republica /p.10
505 0# - NOTA DE CONTENIDO CON FORMATO
Título principal Poder Mundial /p.18
505 0# - NOTA DE CONTENIDO CON FORMATO
Título EL INTERIOR /p.42
505 0# - NOTA DE CONTENIDO CON FORMATO
Título principal Casas de Muñecas / p.44
505 0# - NOTA DE CONTENIDO CON FORMATO
Título principal Tesoros de plata /p.54
505 0# - NOTA DE CONTENIDO CON FORMATO
Título principal Ceramica de Delft/p.64
505 0# - NOTA DE CONTENIDO CON FORMATO
Título PINTURA /p74
505 0# - NOTA DE CONTENIDO CON FORMATO
Título principal Pintura nueva /p.76
505 0# - NOTA DE CONTENIDO CON FORMATO
Título principal Frans hals /p.82
505 0# - NOTA DE CONTENIDO CON FORMATO
Título principal Rembrandt y sus discipulos /p.92
505 0# - NOTA DE CONTENIDO CON FORMATO
Título principal Las obras tardias de Rembrandt /p.106
505 0# - NOTA DE CONTENIDO CON FORMATO
Título CONTINUACION PINTURA /p.110
505 0# - NOTA DE CONTENIDO CON FORMATO
Título principal Johannes Vermeer /p.112
505 0# - NOTA DE CONTENIDO CON FORMATO
Título principal Jan Steen /p.120
505 0# - NOTA DE CONTENIDO CON FORMATO
Título principal La Ronda de Noche /p.132
505 0# - NOTA DE CONTENIDO CON FORMATO
Título OBRAS MAESTRAS SOBRE PAPEL /p.138
505 0# - NOTA DE CONTENIDO CON FORMATO
Título EN OBRAS /p.140
505 0# - NOTA DE CONTENIDO CON FORMATO
Título NUMEROS DE PIEZA /p.142
505 0# - NOTA DE CONTENIDO CON FORMATO
Título INFORMACION /p.144
650 #4 - MATERIA - TERMINO TEMATICO
Término temático general Arte
650 #4 - MATERIA - TERMINO TEMATICO
Término temático general Obras
General subdivision Pinturas
700 1# - ENTRADA SECUNDARIA - NOMBRES PERSONALES
Nombre personal Jungschleger, Ineke
Función colab.
9 (RLIN) 27579
908 ## - SOPORTE
Soporte Imp
930 ## - ACCESION
Numero de accesion (NR) 12280
942 ## - FUENTE DE CLASIFICACION
Clasificacion Dewey Decimal Classification
Tipo de item Libro
945 ## - INFORMACION DE PROCESAMIENTO
Codigo del operador MIA
Fecha de ingreso o modificacion 2025-11-17
980 ## - DECLARACIÓN DE EQUIVALENCIA O SERIE DE REFERENCIA CRUZADA - NOMBRE / TÍTULO PERSONAL [LOCAL, CANADÁ]
Código del operador 1
Nombre del operador Maricel Allasia
Código del operador que modifico el registro 1
Nombre del operador que modifico el registro Maricel Allasia
Existencias
Estado retiro Estado perdido Sistema de clasificacion Estado general Restricciones de uso Biblioteca de origen Ubicacion actual Localizacion en estante Fecha de adquisicion Fuente de adquisicion Prestamos totales Signatura y librística Proveedor Numero de ejemplar Tipo de elemento KOHA Nota no publica
Disponible Disponible cdu No dañado Ningun uso de restricciones Arq. Hilarión H. Larguia Arq. Hilarión H. Larguia Ref 17/11/2025 Don   7.036 D671 18424 ej. 1 Libro